{"text_format":"3","workbook":"xls","n_sheets":3,"sheets":["LSI - BDI","SINTÉTICA","ANALÍTICA"],"not_rendered":{"images":2,"external_links":1,"defined_names":3},"read":"whole","date_system":"1900","formulas":"cached_only"}

{"sheet":"LSI - BDI","index":0,"n_rows":14,"n_cols":4,"rows_kept":14,"merged":[[0,1,0,3],[1,2,2,2],[3,0,3,3],[4,1,4,3],[9,2,12,2]],"flags":["formulas_cached_only"]}
["Item","LEIS SOCIAIS - LS"]
[1,"HORISTA - encargo social desonerado (taxa já inclusa nos valores unitários de mão-de-obra)","LS =",{"v":1.1755,"d":"117.55%"}]
[2,"MENSALISTA - encargo social desonerado (taxa já inclusa nos valores unitários de mão-de-obra)",null,{"v":0.7292000000000001,"d":"72.92%"}]
[]
["Item","BONIFICAÇÃO DE DESPESAS INDIRETAS - BDI"]
[1,"RISCO","R",{"v":0.01,"d":"1.00%"}]
[2,"DESPESAS FINANCEIRAS","DF",{"v":0.008,"d":"0.80%"}]
[3,"ADMINISTRAÇÃO CENTRAL","AC",{"v":0.03,"d":"3.00%"}]
[4,"LUCRO","L",{"v":0.06,"d":"6.00%"}]
[5,"COFINS","I",{"v":0.03,"d":"3.00%"}]
[6,"PIS",null,{"v":0.006500000000000001,"d":"0.65%"}]
[7,"Contribuição Previdenciária sobre a Renda Bruta (CPRB)",null,{"v":0,"d":"0.00%"}]
[8,"ISS",null,{"v":0.0325,"d":"3.25%"}]
["Fórmula:","     BDI =  { [ (1+AC+SG+R).(1+DF).(1+L) ] -1 } x 100                                                                                                                                           1-(I)","BDI =",{"v":0.19360000000000002,"d":"19.36%"}]

{"sheet":"SINTÉTICA","index":1,"n_rows":45,"n_cols":7,"rows_kept":45,"merged":[[5,0,5,6],[6,0,6,6],[7,0,7,6],[9,1,9,6],[10,1,10,6],[11,1,11,6],[13,0,13,6]],"flags":["formulas_cached_only"]}
[]
[]
[]
[]
[]
["MINISTÉRIO PÚBLICO FEDERAL"]
["PROCURADORIA DA REPÚBLICA NO RIO GRANDE DO NORTE"]
["ASSESSORIA TÉCNICA DE ENGENHARIA CIVIL"]
[]
["Obra/Serviço","Reforma PRM Mossoró/RN"]
["Local e Data:","Natal, 25 de Outubro de 2016"]
["Base Primária","SINAPI – Setembro 2016"]
[]
["PLANILHA SINTÉTICA"]
[]
["ITEM","Código ","DISCRIMINAÇÃO DOS SERVIÇOS","UNID.","QUANT.","P.UNIT.(R$)","P.TOTAL(R$)"]
[1,null,"MURO EXTERNO"]
["1.1",0,"DEMOLICAO DE ALVENARIA DE TIJOLOS FURADOS S/REAPROVEITAMENTO","M³",29.23,{"v":80.55,"d":"R$ 80.55"},{"v":2354.47,"d":"R$ 2,354.47"}]
["1.2",0,"REMOÇÃO DE TAPUMES","M²",518.28,{"v":9.59,"d":"R$ 9.59"},{"v":4970.3,"d":"R$ 4,970.30"}]
["1.3",0,"TRANSPORTE HORIZONTAL DE 75 M COM CARRINHO PLATAFORMA COM TELHA DE CONCRETO OU CERÂMICA. AF_07/2016","M²",518.28,{"v":1.42,"d":"R$ 1.42"},{"v":735.95,"d":"R$ 735.95"}]
["1.4",0,"CARGA E DESCARGA MECANIZADAS DE ENTULHO EM CAMINHAO BASCULANTE 6 M3","M³",43.84,{"v":1.1400000000000001,"d":"R$ 1.14"},{"v":49.97,"d":"R$ 49.97"}]
["1.5",0,"TRANSPORTE DE ENTULHO COM CAMINHAO BASCULANTE 6 M3, RODOVIA PAVIMENTADA, DMT 0,5 A 1,0 KM","M³",43.84,{"v":5.88,"d":"R$ 5.88"},{"v":257.77,"d":"R$ 257.77"}]
["1.6",0,"ESCAVAÇÃO MANUAL DE VALAS. AF_03/2016","M³",111.25,{"v":56.7,"d":"R$ 56.70"},{"v":6307.87,"d":"R$ 6,307.87"}]
["1.7",0,"CONCRETO CICLOPICO FCK=10MPA 30% PEDRA DE MAO INCLUSIVE LANCAMENTO","M³",{"v":71.2,"d":"71.20"},{"v":369.22,"d":"R$ 369.22"},{"v":26288.46,"d":"R$ 26,288.46"}]
["1.8",0,"CINTA DE AMARRAÇÃO DE ALVENARIA MOLDADA IN LOCO COM UTILIZAÇÃO DE BLOCOS CANALETA. AF_03/2016","M",{"v":1335,"d":"1335.00"},{"v":25.39,"d":"R$ 25.39"},{"v":33895.65,"d":"R$ 33,895.65"}]
["1.9",0,"ALVENARIA DE VEDAÇÃO DE BLOCOS VAZADOS DE CONCRETO DE 14X19X39CM (ESPESSURA 14CM) DE PAREDES COM ÁREA LÍQUIDA MAIOR OU IGUAL A 6M² SEM VÃOS E ARGAMASSA DE ASSENTAMENTO COM PREPARO EM BETONEIRA. AF_06/2014","M²",{"v":830,"d":"830.00"},{"v":58.43,"d":"R$ 58.43"},{"v":48496.9,"d":"R$ 48,496.90"}]
["1.10",0,"MONTAGEM E DESMONTAGEM DE FÔRMA DE PILARES RETANGULARES E ESTRUTURAS SIMILARES COM ÁREA MÉDIA DAS SEÇÕES MAIOR QUE 0,25 M², PÉ-DIREITO SIMPLES, EM MADEIRA SERRADA, 4 UTILIZAÇÕES. AF_12/2015","M²",{"v":216,"d":"216.00"},{"v":59.65,"d":"R$ 59.65"},{"v":12884.4,"d":"R$ 12,884.40"}]
["1.11",0,"ARMAÇÃO DE PILAR OU VIGA DE UMA ESTRUTURA CONVENCIONAL DE CONCRETO ARMADO EM UM EDIFÍCIO DE MÚLTIPLOS PAVIMENTOS UTILIZANDO AÇO CA-50 DE 10.0 MM - MONTAGEM. AF_12/2015","KG",884.16,{"v":8.68,"d":"R$ 8.68"},{"v":7674.5,"d":"R$ 7,674.50"}]
["1.12",0,"CONCRETO FCK = 20MPA, TRAÇO 1:2,7:3 (CIMENTO/ AREIA MÉDIA/ BRITA 1)  - PREPARO MECÂNICO COM BETONEIRA 400 L. AF_07/2016","M³",10.08,{"v":331.43,"d":"R$ 331.43"},{"v":3340.81,"d":"R$ 3,340.81"}]
["1.13",0,"JUNTA DE DILATACAO PARA IMPERMEABILIZACAO, COM SELANTE ELASTICO MONOCOMPONENTE A BASE DE POLIURETANO, DIMENSOES 1X1CM.","M",{"v":213.6,"d":"213.60"},{"v":21.97,"d":"R$ 21.97"},{"v":4692.79,"d":"R$ 4,692.79"}]
[]
[null,null,"GUARDA CORPO E CORRIMÃO"]
["2.1",0,"GUARDA-CORPO EM TUBO DE AÇO INOX Ø=45cm, DUPLO, COM MONTANTES E FECHAMENTO EM TUBO INOX Ø=45cm\", H=110CM, C/ACABAMENTO POLIDO, P/FIXAÇÃO EM PISO ","M",36.14,{"v":709.16,"d":"R$ 709.16"},{"v":25629.04,"d":"R$ 25,629.04"}]
["2.2",0,"CORRIMÃO EM AÇO INOX Ø=45mm, DUPLO, H=92CM ","M",{"v":2.4,"d":"2.40"},{"v":660.31,"d":"R$ 660.31"},{"v":1584.74,"d":"R$ 1,584.74"}]
[]
[null,null,"CONCERTINA"]
["3.1",0,"CONCERTINA EM AÇO GALVANIZADO, ESPIRAL DE Ø = 450MM, 3 CLIPES P/ ESPIRAL, LÂMINA DE 30MM E FIO INTERNO DE 2,50MM, INCLUISIVE INSTALAÇÃO ","M",{"v":445,"d":"445.00"},{"v":38.19,"d":"R$ 38.19"},{"v":16994.55,"d":"R$ 16,994.55"}]
[]
[null,null,"COBERTURA ESTACIONAMENTO"]
["4.1",0,"COBERTURA TIPO SOMBREADOR OU SOMBRITE COM TELA DE POLIETILENO E ESTRUTURA METÁLICA – FORNECIMENTO E INSTALAÇÃO","M²",{"v":129.825,"d":"129.83"},{"v":199.04,"d":"R$ 199.04"},{"v":25840.36,"d":"R$ 25,840.36"}]
[]
[null,null,"ADMINISTRAÇÃO LOCAL"]
["5.1",{"v":0,"d":"0.0000"},"ADMINISTRAÇÃO LOCAL","%",{"v":100,"d":"100.00"},{"v":6723.25,"d":"R$ 6,723.25"},{"v":6723.25,"d":"R$ 6,723.25"}]
[]
[null,null,"TOTAL",{"$nulls":3},{"v":228721.78,"d":"R$ 228,721.78"}]

{"sheet":"ANALÍTICA","index":2,"n_rows":183,"n_cols":7,"rows_kept":183,"merged":[[5,0,5,6],[6,0,6,6],[7,0,7,6],[9,1,9,6],[10,1,10,6],[11,1,11,6],[13,0,13,6]],"flags":["formulas_cached_only"]}
[]
[]
[]
[]
[]
["MINISTÉRIO PÚBLICO FEDERAL"]
["PROCURADORIA DA REPÚBLICA NO RIO GRANDE DO NORTE"]
["ASSESSORIA TÉCNICA DE ENGENHARIA CIVIL"]
[]
["Obra/Serviço","Reforma PRM Mossoró/RN"]
["Local e Data:","Natal, 25 de Outubro de 2016"]
["Base Primária","SINAPI – Setembro 2016"]
[]
["PLANILHA ANALÍTICA"]
[]
["ITEM","CÓDIGO","DESCRIÇÃO","UNID.","COEFICIENTE","CUSTO UNIT.","CUSTO TOTAL"]
["1.1","73899/2","DEMOLICAO DE ALVENARIA DE TIJOLOS FURADOS S/REAPROVEITAMENTO","M3"]
[null,"88309","PEDREIRO COM ENCARGOS COMPLEMENTARES","H",{"v":0.5,"d":"0.5000"},{"v":14.89,"d":"R$ 14.89"},{"v":7.44,"d":"R$ 7.44"}]
[null,"88316","SERVENTE COM ENCARGOS COMPLEMENTARES","H",{"v":5,"d":"5.0000"},{"v":12.01,"d":"R$ 12.01"},{"v":60.05,"d":"R$ 60.05"}]
[{"$nulls":5},"MATERIAL",{"v":0,"d":"R$ 0.00"}]
[{"$nulls":5},"MÃO DE OBRA",{"v":67.49,"d":"R$ 67.49"}]
[{"$nulls":5},"BDI",{"v":13.06,"d":"R$ 13.06"}]
[{"$nulls":5},"PREÇO TOTAL",{"v":80.55,"d":"R$ 80.55"}]
[]
["1.2","11358/ORSE","REMOÇÃO DE TAPUMES","M2"]
[null,"88262","CARPINTEIRO DE FORMAS COM ENCARGOS COMPLEMENTARES","H",{"v":0.30000000000000004,"d":"0.3000"},{"v":14.8,"d":"R$ 14.80"},{"v":4.44,"d":"R$ 4.44"}]
[null,"88316","SERVENTE COM ENCARGOS COMPLEMENTARES","H",{"v":0.30000000000000004,"d":"0.3000"},{"v":12.01,"d":"R$ 12.01"},{"v":3.6,"d":"R$ 3.60"}]
[{"$nulls":5},"MATERIAL",{"v":0,"d":"R$ 0.00"}]
[{"$nulls":5},"MÃO DE OBRA",{"v":8.04,"d":"R$ 8.04"}]
[{"$nulls":5},"BDI",{"v":1.55,"d":"R$ 1.55"}]
[{"$nulls":5},"PREÇO TOTAL",{"v":9.59,"d":"R$ 9.59"}]
[]
["1.3","94956","TRANSPORTE HORIZONTAL DE 75 M COM CARRINHO PLATAFORMA COM TELHA DE CONCRETO OU CERÂMICA. AF_07/2016","M2"]
[null,"88316","SERVENTE COM ENCARGOS COMPLEMENTARES","H",{"v":0.09970000000000001,"d":"0.0997"},{"v":12.01,"d":"R$ 12.01"},{"v":1.19,"d":"R$ 1.19"}]
[{"$nulls":5},"MATERIAL",{"v":0,"d":"R$ 0.00"}]
[{"$nulls":5},"MÃO DE OBRA",{"v":1.19,"d":"R$ 1.19"}]
[{"$nulls":5},"BDI",{"v":0.23,"d":"R$ 0.23"}]
[{"$nulls":5},"PREÇO TOTAL",{"v":1.42,"d":"R$ 1.42"}]
[]
["1.4","72898","CARGA E DESCARGA MECANIZADAS DE ENTULHO EM CAMINHAO BASCULANTE 6 M3","M3"]
[null,"5811","CAMINHÃO BASCULANTE 6 M3, PESO BRUTO TOTAL 16.000 KG, CARGA ÚTIL MÁXIMA 13.071 KG, DISTÂNCIA ENTRE EIXOS 4,80 M, POTÊNCIA 230 CV INCLUSIVE CAÇAMBA METÁLICA - CHP DIURNO. AF_06/2014","CHP",{"v":0.007,"d":"0.0070"},{"v":137.15,"d":"R$ 137.15"},{"v":0.96,"d":"R$ 0.96"}]
[{"$nulls":5},"MATERIAL",{"v":0,"d":"R$ 0.00"}]
[{"$nulls":5},"MÃO DE OBRA",{"v":0.96,"d":"R$ 0.96"}]
[{"$nulls":5},"BDI",{"v":0.18,"d":"R$ 0.18"}]
[{"$nulls":5},"PREÇO TOTAL",{"v":1.1400000000000001,"d":"R$ 1.14"}]
[]
["1.5","72900","TRANSPORTE DE ENTULHO COM CAMINHAO BASCULANTE 6 M3, RODOVIA PAVIMENTADA, DMT 0,5 A 1,0 KM","M3"]
[null,"5811","CAMINHÃO BASCULANTE 6 M3, PESO BRUTO TOTAL 16.000 KG, CARGA ÚTIL MÁXIMA 13.071 KG, DISTÂNCIA ENTRE EIXOS 4,80 M, POTÊNCIA 230 CV INCLUSIVE CAÇAMBA METÁLICA - CHP DIURNO. AF_06/2014","CHP",{"v":0.036000000000000004,"d":"0.0360"},{"v":137.15,"d":"R$ 137.15"},{"v":4.93,"d":"R$ 4.93"}]
[{"$nulls":5},"MATERIAL",{"v":0,"d":"R$ 0.00"}]
[{"$nulls":5},"MÃO DE OBRA",{"v":4.93,"d":"R$ 4.93"}]
[{"$nulls":5},"BDI",{"v":0.9500000000000001,"d":"R$ 0.95"}]
[{"$nulls":5},"PREÇO TOTAL",{"v":5.88,"d":"R$ 5.88"}]
[]
[]
["1.6","93358","ESCAVAÇÃO MANUAL DE VALAS. AF_03/2016","M3"]
[null,"88316","SERVENTE COM ENCARGOS COMPLEMENTARES","H",{"v":3.956,"d":"3.9560"},{"v":12.01,"d":"R$ 12.01"},{"v":47.51,"d":"R$ 47.51"}]
[{"$nulls":5},"MATERIAL",{"v":0,"d":"R$ 0.00"}]
[{"$nulls":5},"MÃO DE OBRA",{"v":47.51,"d":"R$ 47.51"}]
[{"$nulls":5},"BDI",{"v":9.19,"d":"R$ 9.19"}]
[{"$nulls":5},"PREÇO TOTAL",{"v":56.7,"d":"R$ 56.70"}]
[]
["1.7","73361","CONCRETO CICLOPICO FCK=10MPA 30% PEDRA DE MAO INCLUSIVE LANCAMENTO","M3"]
[null,"88262","CARPINTEIRO DE FORMAS COM ENCARGOS COMPLEMENTARES","H",{"v":0.46900000000000003,"d":"0.4690"},{"v":14.8,"d":"R$ 14.80"},{"v":6.94,"d":"R$ 6.94"}]
[null,"88309","PEDREIRO COM ENCARGOS COMPLEMENTARES","H",{"v":0.46900000000000003,"d":"0.4690"},{"v":14.89,"d":"R$ 14.89"},{"v":6.98,"d":"R$ 6.98"}]
[null,"88316","SERVENTE COM ENCARGOS COMPLEMENTARES","H",{"v":8.421,"d":"8.4210"},{"v":12.01,"d":"R$ 12.01"},{"v":101.13,"d":"R$ 101.13"}]
[null,"90586","VIBRADOR DE IMERSÃO, DIÂMETRO DE PONTEIRA 45MM, MOTOR ELÉTRICO TRIFÁSICO POTÊNCIA DE 2 CV - CHP DIURNO. AF_06/2015","CHP",{"v":0.14,"d":"0.1400"},{"v":2.09,"d":"R$ 2.09"},{"v":0.29,"d":"R$ 0.29"}]
[null,"90587","VIBRADOR DE IMERSÃO, DIÂMETRO DE PONTEIRA 45MM, MOTOR ELÉTRICO TRIFÁSICO POTÊNCIA DE 2 CV - CHI DIURNO. AF_06/2015","CHI",{"v":0.56,"d":"0.5600"},{"v":1.43,"d":"R$ 1.43"},{"v":0.8,"d":"R$ 0.80"}]
[null,"94962","CONCRETO MAGRO PARA LASTRO, TRAÇO 1:4,5:4,5 (CIMENTO/ AREIA MÉDIA/ BRITA 1)  - PREPARO MECÂNICO COM BETONEIRA 400 L. AF_07/2016","M3",{"v":0.7,"d":"0.7000"},{"v":223.59,"d":"R$ 223.59"},{"v":156.51,"d":"R$ 156.51"}]
[null,"4730","PEDRA DE MAO OU PEDRA RACHAO PARA ARRIMO/FUNDACAO (POSTO PEDREIRA/FORNECEDOR, SEM FRETE)","M3",{"v":0.54,"d":"0.5400"},{"v":67.96,"d":"R$ 67.96"},{"v":36.69,"d":"R$ 36.69"}]
[{"$nulls":5},"MATERIAL",{"v":36.69,"d":"R$ 36.69"}]
[{"$nulls":5},"MÃO DE OBRA",{"v":272.65,"d":"R$ 272.65"}]
[{"$nulls":5},"BDI",{"v":59.88,"d":"R$ 59.88"}]
[{"$nulls":5},"PREÇO TOTAL",{"v":369.22,"d":"R$ 369.22"}]
[]
["1.8","93205","CINTA DE AMARRAÇÃO DE ALVENARIA MOLDADA IN LOCO COM UTILIZAÇÃO DE BLOCOS CANALETA. AF_03/2016","M"]
[null,"87294","ARGAMASSA TRAÇO 1:2:9 (CIMENTO, CAL E AREIA MÉDIA) PARA EMBOÇO/MASSA ÚNICA/ASSENTAMENTO DE ALVENARIA DE VEDAÇÃO, PREPARO MECÂNICO COM BETONEIRA 600 L. AF_06/2014","M3",0.0014,{"v":278.37,"d":"R$ 278.37"},{"v":0.38,"d":"R$ 0.38"}]
[null,"88309","PEDREIRO COM ENCARGOS COMPLEMENTARES","H",{"v":0.253,"d":"0.2530"},{"v":14.89,"d":"R$ 14.89"},{"v":3.76,"d":"R$ 3.76"}]
[null,"88316","SERVENTE COM ENCARGOS COMPLEMENTARES","H",{"v":0.126,"d":"0.1260"},{"v":12.01,"d":"R$ 12.01"},{"v":1.51,"d":"R$ 1.51"}]
[null,"90279","GRAUTE FGK=20 MPA; TRAÇO 1:0,04:1,6:1,9 (CIMENTO/ CAL/ AREIA GROSSA/ BRITA 0) - PREPARO MECÂNICO COM BETONEIRA 400 L. AF_02/2015","M3",0.0114,{"v":264.34,"d":"R$ 264.34"},{"v":3.01,"d":"R$ 3.01"}]
[null,"92793","CORTE E DOBRA DE AÇO CA-50, DIÂMETRO DE 8.0 MM, UTILIZADO EM ESTRUTURAS DIVERSAS, EXCETO LAJES. AF_12/2015","KG",{"v":0.79,"d":"0.7900"},{"v":7.4,"d":"R$ 7.40"},{"v":5.84,"d":"R$ 5.84"}]
[null,"659","CANALETA CONCRETO 14 X 19 X 19 CM (CLASSE D - NBR 6136)","UN",{"v":5.34,"d":"5.3400"},{"v":1.27,"d":"R$ 1.27"},{"v":6.78,"d":"R$ 6.78"}]
[{"$nulls":5},"MATERIAL",{"v":6.78,"d":"R$ 6.78"}]
[{"$nulls":5},"MÃO DE OBRA",{"v":14.5,"d":"R$ 14.50"}]
[{"$nulls":5},"BDI",{"v":4.11,"d":"R$ 4.11"}]
[{"$nulls":5},"PREÇO TOTAL",{"v":25.39,"d":"R$ 25.39"}]
[]
["1.9","87455","ALVENARIA DE VEDAÇÃO DE BLOCOS VAZADOS DE CONCRETO DE 14X19X39CM (ESPESSURA 14CM) DE PAREDES COM ÁREA LÍQUIDA MAIOR OU IGUAL A 6M² SEM VÃOS E ARGAMASSA DE ASSENTAMENTO COM PREPARO EM BETONEIRA. AF_06/2014","M2"]
[null,"87292","ARGAMASSA TRAÇO 1:2:8 (CIMENTO, CAL E AREIA MÉDIA) PARA EMBOÇO/MASSA ÚNICA/ASSENTAMENTO DE ALVENARIA DE VEDAÇÃO, PREPARO MECÂNICO COM BETONEIRA 400 L. AF_06/2014","M3",0.0103,{"v":289.85,"d":"R$ 289.85"},{"v":2.98,"d":"R$ 2.98"}]
[null,"88309","PEDREIRO COM ENCARGOS COMPLEMENTARES","H",{"v":0.89,"d":"0.8900"},{"v":14.89,"d":"R$ 14.89"},{"v":13.25,"d":"R$ 13.25"}]
[null,"88316","SERVENTE COM ENCARGOS COMPLEMENTARES","H",{"v":0.445,"d":"0.4450"},{"v":12.01,"d":"R$ 12.01"},{"v":5.34,"d":"R$ 5.34"}]
[null,"651","BLOCO VEDACAO CONCRETO 14 X 19 X 39 CM (CLASSE D - NBR 6136)","UN",{"v":13.35,"d":"13.3500"},{"v":1.94,"d":"R$ 1.94"},{"v":25.89,"d":"R$ 25.89"}]
[null,"34547","TELA DE ACO SOLDADA GALVANIZADA/ZINCADA PARA ALVENARIA, FIO  D = *1,20 A 1,70* MM, MALHA 15 X 15 MM, (C X L) *50 X 12* CM","M",{"v":0.42,"d":"0.4200"},{"v":2.49,"d":"R$ 2.49"},{"v":1.04,"d":"R$ 1.04"}]
[null,"37395","PINO DE ACO COM FURO, HASTE = 27 MM (ACAO DIRETA)","CENTO",{"v":0.01,"d":"0.0100"},{"v":46.95,"d":"R$ 46.95"},{"v":0.46,"d":"R$ 0.46"}]
[{"$nulls":5},"MATERIAL",{"v":27.39,"d":"R$ 27.39"}]
[{"$nulls":5},"MÃO DE OBRA",{"v":21.57,"d":"R$ 21.57"}]
[{"$nulls":5},"BDI",{"v":9.47,"d":"R$ 9.47"}]
[{"$nulls":5},"PREÇO TOTAL",{"v":58.43,"d":"R$ 58.43"}]
[]
["1.10","92413","MONTAGEM E DESMONTAGEM DE FÔRMA DE PILARES RETANGULARES E ESTRUTURAS SIMILARES COM ÁREA MÉDIA DAS SEÇÕES MAIOR QUE 0,25 M², PÉ-DIREITO SIMPLES, EM MADEIRA SERRADA, 4 UTILIZAÇÕES. AF_12/2015","M2"]
[null,"88239","AJUDANTE DE CARPINTEIRO COM ENCARGOS COMPLEMENTARES","H",{"v":0.376,"d":"0.3760"},{"v":11.93,"d":"R$ 11.93"},{"v":4.48,"d":"R$ 4.48"}]
[null,"88262","CARPINTEIRO DE FORMAS COM ENCARGOS COMPLEMENTARES","H",{"v":2.052,"d":"2.0520"},{"v":14.8,"d":"R$ 14.80"},{"v":30.36,"d":"R$ 30.36"}]
[null,"92269","FABRICAÇÃO DE FÔRMA PARA PILARES E ESTRUTURAS SIMILARES, EM MADEIRA SERRADA, E=25 MM. AF_12/2015","M2",{"v":0.275,"d":"0.2750"},{"v":53.59,"d":"R$ 53.59"},{"v":14.73,"d":"R$ 14.73"}]
[null,"2692","DESMOLDANTE PROTETOR PARA FORMAS DE MADEIRA, DE BASE OLEOSA EMULSIONADA EM AGUA","L",{"v":0.017,"d":"0.0170"},{"v":6.64,"d":"R$ 6.64"},{"v":0.11,"d":"R$ 0.11"}]
[null,"40304","PREGO DE ACO POLIDO COM CABECA DUPLA 17 X 27 (2 1/2 X 11)","KG",{"v":0.027,"d":"0.0270"},{"v":11.16,"d":"R$ 11.16"},{"v":0.30000000000000004,"d":"R$ 0.30"}]
[{"$nulls":5},"MATERIAL",{"v":0.41000000000000003,"d":"R$ 0.41"}]
[{"$nulls":5},"MÃO DE OBRA",{"v":49.57,"d":"R$ 49.57"}]
[{"$nulls":5},"BDI",{"v":9.67,"d":"R$ 9.67"}]
[{"$nulls":5},"PREÇO TOTAL",{"v":59.65,"d":"R$ 59.65"}]
[]
["1.11","92762","ARMAÇÃO DE PILAR OU VIGA DE UMA ESTRUTURA CONVENCIONAL DE CONCRETO ARMADO EM UM EDIFÍCIO DE MÚLTIPLOS PAVIMENTOS UTILIZANDO AÇO CA-50 DE 10.0 MM - MONTAGEM. AF_12/2015","KG"]
[null,"88238","AJUDANTE DE ARMADOR COM ENCARGOS COMPLEMENTARES","H",0.0086,{"v":11.9,"d":"R$ 11.90"},{"v":0.1,"d":"R$ 0.10"}]
[null,"88245","ARMADOR COM ENCARGOS COMPLEMENTARES","H",0.0529,{"v":14.8,"d":"R$ 14.80"},{"v":0.78,"d":"R$ 0.78"}]
[null,"92794","CORTE E DOBRA DE AÇO CA-50, DIÂMETRO DE 10.0 MM, UTILIZADO EM ESTRUTURAS DIVERSAS, EXCETO LAJES. AF_12/2015","KG",{"v":1,"d":"1.0000"},{"v":6.11,"d":"R$ 6.11"},{"v":6.11,"d":"R$ 6.11"}]
[null,"337","ARAME RECOZIDO 18 BWG, 1,25 MM (0,01 KG/M)","KG",{"v":0.025,"d":"0.0250"},{"v":9.5,"d":"R$ 9.50"},{"v":0.23,"d":"R$ 0.23"}]
[null,"40215","ESPACADOR / DISTANCIADOR EM PLASTICO (COLETADO CAIXA)","UN",{"v":0.543,"d":"0.5430"},{"v":0.12,"d":"R$ 0.12"},{"v":0.06,"d":"R$ 0.06"}]
[{"$nulls":5},"MATERIAL",{"v":0.29,"d":"R$ 0.29"}]
[{"$nulls":5},"MÃO DE OBRA",{"v":6.99,"d":"R$ 6.99"}]
[{"$nulls":5},"BDI",{"v":1.4,"d":"R$ 1.40"}]
[{"$nulls":5},"PREÇO TOTAL",{"v":8.68,"d":"R$ 8.68"}]
[]
["1.12","94964","CONCRETO FCK = 20MPA, TRAÇO 1:2,7:3 (CIMENTO/ AREIA MÉDIA/ BRITA 1)  - PREPARO MECÂNICO COM BETONEIRA 400 L. AF_07/2016","M3"]
[null,"88316","SERVENTE COM ENCARGOS COMPLEMENTARES","H",{"v":3.17,"d":"3.1700"},{"v":12.01,"d":"R$ 12.01"},{"v":38.07,"d":"R$ 38.07"}]
[null,"88377","OPERADOR DE BETONEIRA ESTACIONÁRIA/MISTURADOR COM ENCARGOS COMPLEMENTARES","H",{"v":2,"d":"2.0000"},{"v":12.36,"d":"R$ 12.36"},{"v":24.72,"d":"R$ 24.72"}]
[null,"88830","BETONEIRA CAPACIDADE NOMINAL DE 400 L, CAPACIDADE DE MISTURA 310 L, MOTOR ELÉTRICO TRIFÁSICO POTÊNCIA DE 2 HP, SEM CARREGADOR - CHP DIURNO. AF_10/2014","CHP",{"v":1.03,"d":"1.0300"},{"v":1.01,"d":"R$ 1.01"},{"v":1.04,"d":"R$ 1.04"}]
[null,"88831","BETONEIRA CAPACIDADE NOMINAL DE 400 L, CAPACIDADE DE MISTURA 310 L, MOTOR ELÉTRICO TRIFÁSICO POTÊNCIA DE 2 HP, SEM CARREGADOR - CHI DIURNO. AF_10/2014","CHI",{"v":0.97,"d":"0.9700"},{"v":0.27,"d":"R$ 0.27"},{"v":0.26,"d":"R$ 0.26"}]
[null,"370","AREIA MEDIA - POSTO JAZIDA/FORNECEDOR (RETIRADO NA JAZIDA, SEM TRANSPORTE)","M3",{"v":0.782,"d":"0.7820"},{"v":59.9,"d":"R$ 59.90"},{"v":46.84,"d":"R$ 46.84"}]
[null,"1379","CIMENTO PORTLAND COMPOSTO CP II-32","KG",{"v":321.84,"d":"321.8400"},{"v":0.4,"d":"R$ 0.40"},{"v":128.73,"d":"R$ 128.73"}]
[null,"4721","PEDRA BRITADA N. 1 (9,5 a 19 MM) POSTO PEDREIRA/FORNECEDOR, SEM FRETE","M3",{"v":0.585,"d":"0.5850"},{"v":65,"d":"R$ 65.00"},{"v":38.02,"d":"R$ 38.02"}]
[{"$nulls":5},"MATERIAL",{"v":213.59,"d":"R$ 213.59"}]
[{"$nulls":5},"MÃO DE OBRA",{"v":64.09,"d":"R$ 64.09"}]
[{"$nulls":5},"BDI",{"v":53.75,"d":"R$ 53.75"}]
[{"$nulls":5},"PREÇO TOTAL",{"v":331.43,"d":"R$ 331.43"}]
[]
["1.13","74121/1","JUNTA DE DILATACAO PARA IMPERMEABILIZACAO, COM SELANTE ELASTICO MONOCOMPONENTE A BASE DE POLIURETANO, DIMENSOES 1X1CM.","M"]
[null,"88309","PEDREIRO COM ENCARGOS COMPLEMENTARES","H",{"v":0.4,"d":"0.4000"},{"v":14.89,"d":"14.8900"},{"v":5.95,"d":"5.9500"}]
[null,"88316","SERVENTE COM ENCARGOS COMPLEMENTARES","H",{"v":0.1,"d":"0.1000"},{"v":12.01,"d":"12.0100"},{"v":1.2,"d":"1.2000"}]
[null,"142","SELANTE ELASTICO MONOCOMPONENTE A BASE DE POLIURETANO PARA JUNTAS DIVERSAS","310ML",{"v":0.334,"d":"0.3340"},{"v":33.74,"d":"33.7400"},{"v":11.26,"d":"11.2600"}]
[{"$nulls":5},"MATERIAL",{"v":11.26,"d":"11.2600"}]
[{"$nulls":5},"MÃO DE OBRA",{"v":7.15,"d":"7.1500"}]
[{"$nulls":5},"BDI",{"v":3.56,"d":"R$ 3.56"}]
[{"$nulls":5},"PREÇO TOTAL",{"v":21.97,"d":"R$ 21.97"}]
[]
["2.1","07967/ORSE ADAPTADO","GUARDA-CORPO EM TUBO DE AÇO INOX Ø=45cm, DUPLO, COM MONTANTES E FECHAMENTO EM TUBO INOX Ø=45cm\", H=110CM, C/ACABAMENTO POLIDO, P/FIXAÇÃO EM PISO ","M"]
[null,"01689/ORSE ","Parafuso de fixação com bucha plástica 8 mm","CJ",{"v":8,"d":"8.0000"},{"v":0.53,"d":"R$ 0.53"},{"v":4.24,"d":"R$ 4.24"}]
[null,"07930/ORSE APADTADO","GUARDA-CORPO EM TUBO DE AÇO INOX Ø=45cm, DUPLO, COM MONTANTES E FECHAMENTO EM TUBO INOX Ø=45cm\", H=110CM, C/ACABAMENTO POLIDO, P/FIXAÇÃO EM PISO ","M",{"v":1,"d":"1.0000"},{"v":563,"d":"R$ 563.00"},{"v":563,"d":"R$ 563.00"}]
[null,"88309","PEDREIRO COM ENCARGOS COMPLEMENTARES","H",{"v":1,"d":"1.0000"},{"v":14.89,"d":"R$ 14.89"},{"v":14.89,"d":"R$ 14.89"}]
[null,"88316","SERVENTE COM ENCARGOS COMPLEMENTARES","H",{"v":1,"d":"1.0000"},{"v":12.01,"d":"R$ 12.01"},{"v":12.01,"d":"R$ 12.01"}]
[{"$nulls":5},"MATERIAL",{"v":567.24,"d":"R$ 567.24"}]
[{"$nulls":5},"MÃO DE OBRA",{"v":26.9,"d":"R$ 26.90"}]
[{"$nulls":5},"BDI",{"v":115.02,"d":"R$ 115.02"}]
[{"$nulls":5},"PREÇO TOTAL",{"v":709.16,"d":"R$ 709.16"}]
[]
["2.2","08759/ORSE ADAPTADO","CORRIMÃO EM AÇO INOX Ø=45mm, DUPLO, H=92CM ","M"]
[null,"01689/ORSE ","Parafuso de fixação com bucha plástica 8 mm ","CJ",{"v":6,"d":"6.0000"},{"v":0.53,"d":"R$ 0.53"},{"v":3.18,"d":"R$ 3.18"}]
[null,"09017/ORSE ADAPTADO","CORRIMÃO EM AÇO INOX Ø=45mm, DUPLO, H=92CM ","M",{"v":1,"d":"1.0000"},{"v":523.13,"d":"R$ 523.13"},{"v":523.13,"d":"R$ 523.13"}]
[null,"88309","PEDREIRO COM ENCARGOS COMPLEMENTARES","H",{"v":1,"d":"1.0000"},{"v":14.89,"d":"R$ 14.89"},{"v":14.89,"d":"R$ 14.89"}]
[null,"88316","SERVENTE COM ENCARGOS COMPLEMENTARES","H",{"v":1,"d":"1.0000"},{"v":12.01,"d":"R$ 12.01"},{"v":12.01,"d":"R$ 12.01"}]
[{"$nulls":5},"MATERIAL",{"v":526.31,"d":"R$ 526.31"}]
[{"$nulls":5},"MÃO DE OBRA",{"v":26.9,"d":"R$ 26.90"}]
[{"$nulls":5},"BDI",{"v":107.1,"d":"R$ 107.10"}]
[{"$nulls":5},"PREÇO TOTAL",{"v":660.31,"d":"R$ 660.31"}]
[]
["3.1","ORSE 04713","Concertina em aço galvanizado, espiral de Ø = 450mm, 3 clipes p/ espiral, lâmina de 30mm e fio interno de 2,50mm, incluisive instalação ","M"]
[null,"ORSE 04306","Concertina Ripper 450mm ou similar (barreira física efetiva) ","M",{"v":1,"d":"1.0000"},{"v":32,"d":"R$ 32.00"},{"v":32,"d":"R$ 32.00"}]
[{"$nulls":5},"MATERIAL",{"v":0,"d":"R$ 0.00"}]
[{"$nulls":5},"MÃO DE OBRA",{"v":32,"d":"R$ 32.00"}]
[{"$nulls":5},"BDI",{"v":6.19,"d":"R$ 6.19"}]
[{"$nulls":5},"PREÇO TOTAL",{"v":38.19,"d":"R$ 38.19"}]
[]
["4.1","PESQ MERC","COBERTURA TIPO SOMBREADOR OU SOMBRITE COM TELA DE POLIETILENO E ESTRUTURA METÁLICA – FORNECIMENTO E INSTALAÇÃO","M²"]
[null,"PESQ MERC","COBERTURA TIPO SOMBREADOR OU SOMBRITE COM TELA DE POLIETILENO E ESTRUTURA METÁLICA – FORNECIMENTO E INSTALAÇÃO","M²",{"v":1,"d":"1.0000"},{"v":166.76,"d":"R$ 166.76"},{"v":166.76,"d":"R$ 166.76"}]
[{"$nulls":5},"MATERIAL",{"v":0,"d":"R$ 0.00"}]
[{"$nulls":5},"MÃO DE OBRA",{"v":166.76,"d":"R$ 166.76"}]
[{"$nulls":5},"BDI",{"v":32.28,"d":"R$ 32.28"}]
[{"$nulls":5},"PREÇO TOTAL",{"v":199.04,"d":"R$ 199.04"}]
[]
["5.1","PRRN","ADMINISTRAÇÃO LOCAL"]
[null,90777,"ENGENHEIRO CIVIL DE OBRA JÚNIOR COM ENCARGOS COMPLEMENTARES","H",{"v":25,"d":"25.0000"},{"v":78.35,"d":"R$ 78.35"},{"v":1958.75,"d":"R$ 1,958.75"}]
[null,90776,"ENCARREGADO GERAL COM ENCARGOS COMPLEMENTARES","H",{"v":200,"d":"200.0000"},{"v":18.37,"d":"R$ 18.37"},{"v":3674,"d":"R$ 3,674.00"}]
[{"$nulls":5},"MATERIAL",{"v":0,"d":"R$ 0.00"}]
[{"$nulls":5},"MÃO DE OBRA",{"v":5632.75,"d":"R$ 5,632.75"}]
[{"$nulls":5},"BDI",{"v":1090.5,"d":"R$ 1,090.50"}]
[{"$nulls":5},"PREÇO TOTAL",{"v":6723.25,"d":"R$ 6,723.25"}]